[Event "Perth Metro CC-chE"]
[Site "Perth"]
[Date "2006.03.16"]
[Round "6"]
[White "Bailey, B."]
[Black "Prunty, Jon"]
[Result "0-1"]
[WhiteElo "854"]
[BlackElo "1119"]
[PlyCount "80"]
[EventDate "2006.02.02"]
[EventType "tourn"]
[EventRounds "9"]
[EventCountry "AUS"]
[SourceTitle "EXT 2010"]
[Source "ChessBase"]
[SourceDate "2010.11.25"]
[SourceVersion "1"]
[SourceVersionDate "2010.11.25"]
[SourceQuality "1"]

1. d4 Nf6 2. Nf3 g6 3. Bg5 Bg7 4. e3 d6 5. Bd3 0-0 6. Nbd2 Nbd7 7. 0-0 Qe8 8. h3 e5 9. Bc4 e4 10. Nh2 d5 11. Be2 h6 12. Bh4 Kh7 13. f4 Nb6 14. Rc1 Ng8 15. c4 Qe6 16. Ng4 f5 17. Ne5 Bxe5 18. fxe5 g5 19. Bg3 c6 20. c5 Nd7 21. Rf2 b6 22. b4 Ne7 23. Qf1 Qg6 24. Nb3 h5 25. Rc2 h4 26. Bh2 Bb7 27. Qd1 Qh6 28. a4 Rg8 29. Qf1 Raf8 30. Qc1 g4 31. hxg4 fxg4 32. Bf4 Qe6 33. Qf1 g3 34. Qa1 gxf2+ 35. Kxf2 Qg6 36. Bf1 Qg3+ 37. Kg1 Qg4 38. Kh2 Ng6 39. cxb6 Nxb6 40. Rf2 Nxf4 0-1

[Event "Perth Respini-E"]
[Site "Perth"]
[Date "2005.10.20"]
[Round "7"]
[White "Motu, B."]
[Black "Bailey, B."]
[Result "1/2-1/2"]
[WhiteElo "1069"]
[BlackElo "839"]
[PlyCount "76"]
[EventDate "2005.09.01"]
[EventType "tourn"]
[EventRounds "9"]
[EventCountry "AUS"]
[SourceTitle "EXT 2010"]
[Source "ChessBase"]
[SourceDate "2010.11.25"]
[SourceVersion "1"]
[SourceVersionDate "2010.11.25"]
[SourceQuality "1"]

1. c4 Nf6 2. Nc3 g6 3. e4 d6 4. h3 Nbd7 5. Nf3 Bg7 6. Be2 e5 7. d4 0-0 8. Bg5 Re8 9. 0-0 a6 10. dxe5 dxe5 11. Qc2 c6 12. Rad1 Qc7 13. Na4 Bf8 14. c5 h6 15. Bxf6 Nxf6 16. Nb6 Rb8 17. Nxc8 Qxc8 18. b4 Qc7 19. Nh4 Kh7 20. Rd3 Red8 21. Rf3 Be7 22. Bc4 Kg7 23. Qe2 Rf8 24. Rg3 Kh7 25. Qf3 Bd8 26. Nxg6 fxg6 27. h4 Qe7 28. Qe2 a5 29. b5 Nh5 30. Ra3 Qxc5 31. Rf3 Nf4 32. Qc2 Kg7 33. Rd1 Bb6 34. Rd7+ Kh8 35. Kh2 Rfd8 36. Rf7 Rd4 37. Bb3 Rbd8 38. Qxc5 Bxc5 1/2-1/2